000 00476cam a2200193ua 4500
001 7959
008 150110n ii |||gr||||Z||||||hin
040 _cMAIN
041 _ahin
082 _a891.43
100 _aBhubaneshwari,
_eAuthor.
245 _aAdhunik hindi nibandha
_cBy Bhubaneshari
250 _a1st.
260 _aLucknow:
_bPrakashan,
_c1994.
300 _a464p.
653 _aEast Indo-European & Celtic literatures
653 _aHindi literature
942 _cBK
999 _c7078
_d7078